Forensic chemistry: Advanced forensic science series (Record no. 15910)

MARC details
000 -LEADER
fixed length control field 00484nam a2200169Ia 4500
008 - FIXED-LENGTH DATA ELEMENTS--GENERAL INFORMATION
fixed length control field 230917s9999||||xx |||||||||||||| ||und||
020 ## - ISBN
Price USD99.95
040 ## - CATALOGING SOURCE
-- 228031
Original cataloging agency VIVEKANANDA LIBRARY
041 ## - Language
-- English
082 ## - DDC NUMBER
Classification number 363.2502454 H812F
100 ## - MAIN ENTRY--PERSONAL NAME
Personal name Houck, Max M, ed.
245 #0 - TITLE STATEMENT
Title Forensic chemistry: Advanced forensic science series
260 ## - PUBLICATION, DISTRIBUTION, ETC. (IMPRINT)
Place of publication, distribution, etc Amsterdam
Name of publisher, distributor, etc Academic Press
Date of publication, distribution, etc 2015
300 ## - PHYSICAL DESCRIPTION
Pages xix, 471 p.
500 ## - GENERAL NOTE
General note 2100 28/09/2015 HBD15/6474 01/09/2015 Main Budget
942 ## - ADDED ENTRY ELEMENTS (KOHA)
Koha item type Books
Holdings
Withdrawn status Lost status Damaged status Not for loan Location (home branch) Sublocation or collection (holding branch) Date acquired Koha issues (times borrowed) Koha full call number Accession No. Koha date last seen Koha item type
        VIVEKANANDA LIBRARY VIVEKANANDA LIBRARY 28/10/2015 9 363.2502454 H812F 339894 27/05/2025 Books
© Designed and Maintained by Vivekananda Library, MDU Rohtak